000 00434nam a22001817a 4500
003 MPLRDC
005 20220104113815.0
008 210129b ||||| |||| 00| 0 eng d
020 _a978-7-80127-702-3
082 _a487.6 WHL
100 _a黄海龙
245 _aAMAZON.COM
_c
250 _a一版一刷
260 _a中国
_b经济日报出版社
_c2000
300 _b330
650 _a书籍贩卖业
942 _cBK
_o487.6 WHL
999 _c2514
_d2504